000 00508nam a2200133 a 4500
008 120416s1963 ||||||||||||||||| || u
050 _aGB 451 Sta
100 _aHuxley, Anthony
245 1 0 _aStandard encyclopedia of the world's oceans and islands
_cedited by Anthony Huxley
260 _aLondon
_bWeidenfeld and Nicholson
_c1963
300 _a383p. : ill.
350 _a0.00
995 _D0.00
_FCBU-MAIN LIBRARY (Kitwe)
_H1
_I15.00
_M1
_UREFERENCE
_ZReference Collection
999 _c58161
_d58161